000 00544nam a22002057a 4500
003 KOHA_MİRAKIL
005 20260330094118.0
008 260330b tu ||||| |||| 00| 0 tur d
020 _a9786057649188
040 _aTR-AnABB
_btur
_cTR-AnABB
041 _atur
082 _a813.42
_bEKI 2019
100 1 _aEkinci , Ayşegül
245 1 0 _aRedd_i akıl /
260 _aistanbul :
_bNemesis Kitap,
_c2019
300 _a216 sayfa ;
_c20 cm
500 _ayazar imzalı
650 0 4 _aTürk edebiyatı , roman
942 _2ddc
_cBK
999 _c10064
_d10064
900 _bCem ÖZOGLU